000 00978nam a22003017a 4500
003 CHAP
005 20220817041534.0
008 971013s1992 r 10010 d
010 _a17445
011 _a18417
035 _a22502
040 _cCHAP
082 _a634.928
_bC7
111 0 0 _aComisión Forestal de América del Norte. Reunión (
_n16
_d: 1992
_c: Cancún, Quintana Roo)
_925721
245 _aInforme y actas
260 _aRoma :
_bFAO,
_c1992
300 _a96 p.
_b; gráfs.
590 _aBATCH-UPD
_b10
_c20130110
_lUCH01
_h1617
590 _aBATCH-UPD
_b10
_c20130410
_lUCH01
_h1012
590 _aBATCH-UPD
_b10
_c20130914
_lUCH01
_h0709
590 _aCONVERSION
_b10
_c20130109
_lUCH01
_h1311
650 1 4 _aBosques
_xAdministración
_xAmérica Latina.
_914006
650 1 4 _aBosques
_xPreservación.
650 1 4 _aPolítica forestal
_xAmérica Latina.
_990566
901 _aBK
942 _cLIBRO
949 _a634.928 C7
_bBC
_cFAO
_d33724000661633
_eFAO1
_h86763
_i22502
_si
999 _c17445
_d17445